000 00520nam a2200169Ia 4500
999 _c35906
_d35906
003 OSt
005 20201214114938.0
008 190216s9999||||xx |||||||||||||| ||und||
040 _coclc
082 _a582.095482
_bMAT/T
100 _aMathew, K M
_97439
245 4 _aThe Flora Of The Tamilnadu Carnatic /
_cK M Mathew
260 _bThe Rapinat Herbarium,
_c1983.
_aTiruchirapalli:
300 _a2152p
650 _aGeneral Collections
942 _cREF
_2ddc
_h582.095482
_iMAT/T
_k582.095482
_mMAT/T